00906nam a22002537a 45000010005000000030006000050050017000110080041000280200018000690400029000870500008001160820010001241000029001342450038001632600058002013000037002594900029002965050007003255200238003325210027005705210018005976500019006156500018006349669FISKH20260424113911.0260128b cb ||||| |||| 00| 0 eng d a9780462001135 aFISKHbengcFISKHdFISKH aPZ7 a372.6 aMichele, Tracey eAuthor aWool /cWritten by Tracey Michele aSingapore :bMarshall Cavendish International ,c2008 a16 pages :bphotographs ;c19 cm aMy pals are here! :v13d aG  aMany animals have a woolly coat. The wool is on their body. It helps their body stay warm. Wool can be on their legs, feet, or paws, too. You can cut off the wool. You can make clothes from wool. Wool clothes help you stay warm, too.8 a400 bLexile estimate 8 aG bRaz-Plus  aFactsvWolves  aWoolvClothes